Mathematical methods in chemical engineering (Record no. 25039)

000 -LEADER
fixed length control field 00548nam a22002051 4500
001 - CONTROL NUMBER
control field 25039
003 - CONTROL NUMBER IDENTIFIER
control field BD-DhUET
008 - FIXED-LENGTH DATA ELEMENTS--GENERAL INFORMATION
fixed length control field 730313s1963 xx 000 0 eng
040 ## - CATALOGING SOURCE
Original cataloging agency DLC
Transcribing agency OClU
Modifying agency BD-DhUET
082 ## - DEWEY DECIMAL CLASSIFICATION NUMBER
Classification number 660.28
Item number JEN/1963
100 ## - MAIN ENTRY--PERSONAL NAME
Personal name Jenson, V. G.
245 10 - TITLE STATEMENT
Title Mathematical methods in chemical engineering
250 ## - EDITION STATEMENT
Edition statement 1st ed.
260 ## - PUBLICATION, DISTRIBUTION, ETC. (IMPRINT)
Place of publication, distribution, etc. London
Name of publisher, distributor, etc. Academic Press
Date of publication, distribution, etc. 1963
300 ## - PHYSICAL DESCRIPTION
Extent xi, 556 p.
Other physical details illus.
Dimensions 24cm.
504 ## - BIBLIOGRAPHY, ETC. NOTE
Bibliography, etc Includes bibliographies
650 #0 - SUBJECT ADDED ENTRY--TOPICAL TERM
Topical term or geographic name as entry element Chemical engineering
700 ## - ADDED ENTRY--PERSONAL NAME
Personal name Jeffreys, G. V.
942 ## - ADDED ENTRY ELEMENTS (KOHA)
Koha item type General Book
Holdings
Copy number Koha normalized classification for sorting Location (home branch) Source of classification or shelving scheme Koha full call number Damaged status Koha item type Date acquired Not for loan Piece designation (barcode) Withdrawn status Shelving location Sublocation or collection (holding branch) Lost status Price effective from Koha date last seen
1660_280000000000000_JEN_1963Central Library, BUET 660.28/JEN/1963 General Book2015-05-12 22438 Circulation sectionCentral Library, BUET 2015-05-122015-05-12
2660_280000000000000_JEN_1963Central Library, BUET 660.28/JEN/1963 General Book2015-05-12 22440 Circulation sectionCentral Library, BUET 2015-05-122015-05-12
3660_280000000000000_JEN_1963Central Library, BUET 660.28/JEN/1963 General Book2015-05-12 22434 Circulation sectionCentral Library, BUET 2015-05-122015-05-12
4660_280000000000000_JEN_1963Central Library, BUET 660.28/JEN/1963 General Book2015-05-18 22432 Circulation sectionCentral Library, BUET 2015-05-182015-05-18
5660_280000000000000_JEN_1963Central Library, BUET 660.28/JEN/1963 General Book2015-05-18 22435 Circulation sectionCentral Library, BUET 2015-05-182015-05-18
6660_280000000000000_JEN_1963Central Library, BUET 660.28/JEN/1963 General Book2015-05-18 29450 Circulation sectionCentral Library, BUET 2015-05-182015-05-18
7660_280000000000000_JEN_1963Central Library, BUET 660.28/JEN/1963 General Book2015-05-18 29449 Circulation sectionCentral Library, BUET 2015-05-182015-05-18
8660_280000000000000_JEN_1963Central Library, BUET 660.28/JEN/1963 General Book2015-05-18 29448 Circulation sectionCentral Library, BUET 2015-05-182015-05-18
9660_280000000000000_JEN_1963Central Library, BUET 660.28/JEN/1963 General Book2015-05-18 29457 Circulation sectionCentral Library, BUET 2015-05-182015-05-18
10660_280000000000000_JEN_1963Central Library, BUET 660.28/JEN/1963 General Book2015-05-18 29454 Circulation sectionCentral Library, BUET 2015-05-182015-05-18
11660_280000000000000_JEN_1963Central Library, BUET 660.28/JEN/1963 General Book2015-05-18 29453 Circulation sectionCentral Library, BUET 2015-05-182015-05-18
12660_280000000000000_JEN_1963Central Library, BUET 660.28/JEN/1963 General Book2015-05-18 29451 Circulation sectionCentral Library, BUET 2015-05-182015-05-18
13660_280000000000000_JEN_1963Central Library, BUET 660.28/JEN/1963 General Book2015-05-18 22431 Circulation sectionCentral Library, BUET 2015-05-182015-05-18
14660_280000000000000_JEN_1963Central Library, BUET 660.28/JEN/1963 General Book2015-05-18 29452 Circulation sectionCentral Library, BUET 2015-05-182015-05-18
15660_280000000000000_JEN_1963Central Library, BUET 660.28/JEN/1963 General Book2015-05-18 22436 Circulation sectionCentral Library, BUET 2015-05-182015-05-18
16660_280000000000000_JEN_1963Central Library, BUET 660.28/JEN/1963 Reading Item2015-06-17 29456 Reading sectionCentral Library, BUET 2015-06-172015-06-17
17660_280000000000000_JEN_1963Central Library, BUET 660.28/JEN/1963 Reading Item2015-06-18 29455. Reading sectionCentral Library, BUET 2015-06-182015-06-18
18660_280000000000000_JEN_1963Central Library, BUET 660.28/JEN/1963 Reading Item2015-07-10 22439 Reading sectionCentral Library, BUET 2015-07-102015-07-10